| 000 | 00545nmm a2200169Ia 4500 | ||
|---|---|---|---|
| 008 | 251105s9999||||xx |||||||||||||||||und|| | ||
| 020 | _a9788498798272 | ||
| 041 | _aspa | ||
| 100 | _aDomínguez Morano, Carlos | ||
| 245 | 0 |
_aMística y psicoanálisis : _b El lugar del Otro en los místicos de Occidente |
|
| 264 |
_a[Madrid, España] : _bTrotta Editorial, _c2020 |
||
| 300 | _a440 páginas | ||
| 490 | _aEstructuras y Procesos. Religión | ||
| 650 | _aReligion(s) | ||
| 856 | _uhttps://public.digitaliapublishing.com/a/67444 | ||
| 942 | _cCF | ||
| 999 |
_c92064 _d92064 |
||